00646nam a22002297a 450000500170000001000110001702000100002803500110003803700160004904000120006508200180007710000190009524501290011425000110024326000320025427000250028630000240031150000190033565000200035465000250037470000170039920170124110218.0 a690731 c22.00 a690731 bCen Lib/Ret aDPLbEN a323.6154bHUS aHusain, Mazhar aMazhar Husain's Law relating to foreigners, passports, and citizenship in India /cby Mazhar Husain; revised by K. K. Singh a5th ed bEastern BookaLucknowc1972 bLucknowa34, Lalbagh axx, 582p.c22cm(Hb) aIncludes index aAliens -- India aCitizenship -- India a K. K. Singh